LEADER 01163nam a2200301 u 4500 001 000000039333 003 CaOOAMICUS 005 20070226113958.0 008 980512s1974 fr u000 u fre u 020 $a2247001025 035 $a10794146 040 $aPUL(R)$bita 100 1 $aDavid, René.$0(OLS)http://pul/name/23500 245 14$aLes grands systèmes de droit contemporains /$cRené David. 250 $a6e éd. 260 $aParis :$bDalloz,$c1974. 300 $a657 p. ;$c18 cm 490 1 $aPrécis Dalloz 504 $aBibliografia: p. 597-625. 650 4$aDiritto comparato.$0(OLS)http://pul/subject/489 650 4$aDiritto internazionale.$0(OLS)http://pul/subject/2505 830 0$aPrécis Dalloz.$0(OLS)http://pul/title/50356 850 $aPUL 852 $aPUL$W1$xSL Diritto e Scienze Sociali 1$y4$m172 E 21$j53499$nBK-PRI$b $qStampati$B53499$CPULBib$Z2$F53499 $H $81 941 1 $a8 996 $6020$a2247001025$9(OLS)http://pul/number/48978 996 $6245$aLes grands systèmes de droit contemporains$9(OLS)http://pul/title/53252 996 $6260$aParis :$bDalloz$9(OLS)http://pul/publisher/53506 LEADER 01090nam a2200253 u 4500 001 000000091443 003 CaOOAMICUS 005 20070226124830.0 008 060320s1985 fr u000 u fre u 035 $a11082025 040 $aPUL(R)$bita 245 04$aLes prophètes et les livres prophétiques /$cS. Amsler ... [et al.]. 260 $aParis :$bDesclée,$cc1985. 300 $a365 p. ;$c21 cm 490 1 $aPetite bibliothèque des sciences biblique.$aAncien Testament ;$v4 504 $aBibliografia in nota. 630 04$aBiblia.$pV.T.$pProphetae.$0(OLS)http://pul/subject/10034 700 1 $aAmsler, Samuel.$0(OLS)http://pul/name/25161 830 0$aPetite bibliothèque des sciences biblique.$pAncien Testament ;$v4.$0(OLS)http://pul/title/117942 850 $aPUL 852 $aPUL$W1$xDP1 Fondo Gelio$y54$m1 C 20$j115184$nBK-PRI$b $qFondi$B115184$CPULBib$Z2$F115184 $HPUL0177 $81 941 1 $a1 996 $6245$aLes prophètes et les livres prophétiques$9(OLS)http://pul/title/118032 996 $6260$aParis :$bDesclée$9(OLS)http://pul/publisher/54080